000 01103nac a22003377a 4500
001 BR7100845
003 BR-BrBNA
005 20240105113424.0
008 230509b bl.|||m| |||| 00| 0 por d
040 _aBR-BrBNA
_bpor
_cBiblioteca Nacional de Agricultura
072 _aF10; F60
090 _a0100 BR7100845
100 1 _aLopes, N.F.
100 1 _aGomes, A. da S.
100 1 _aMota, F.S. da
100 1 _aGarcez, J.R.B.
100 1 _aGoedert, C.O.
100 1 _aBoing, J.
110 1 _aInstituto de Pesquisa Agropecuaria do Sul, Pelotas, RS (Brasil)
_96097
245 1 _aEstimativa da radiacao solar durante o ciclo vegetativo dos cereais no Rio Grande do Sul [Brasil]
260 3 _aPelotas, RS (Brasil):
_c1971.
300 _a32 p.
490 _aBoletim Tecnico - Instituto de Pesquisa Agropecuaria do Sul (Brazil)
_vno. 73
_x
500 _a9 illus.; 10 tables; 12 ref.; Summaries (En, Pt)
650 _aRADIACAO SOLAR
650 _aCEREAL
650 _aINSOLACAO
650 _aRIO GRANDE DO SUL
909 _a202312
_bLúcia Elande
_c55
_dLúcia Elande
942 _2AGRIS
_n0
_cMS
999 _c263637
_d263637